| 000 | 00946nam a22002417a 4500 | ||
|---|---|---|---|
| 999 |
_c4180 _d4180 |
||
| 003 | AR-CdUCM | ||
| 008 | 190308b ||||| |||| 00| 0 spa d | ||
| 040 |
_aMUNICIPALIDAD PROVINCIAL DEL CUSCO _cBIBLIOTECA MUNICIPAL DEL CUSCO |
||
| 082 |
_a796.08 / _bR638 |
||
| 100 |
_aRobertson, David (consultores) _913247 |
||
| 245 | _aTécnicas de salvamiento / | ||
| 260 |
_aMexico : _bPax-Mexico, _c1968. |
||
| 300 |
_a50 páginas ; _bimágenes. _c21 cm. |
||
| 505 | _aMétodos de rescate -- Rescate por extensión -- Rescate mientras se nada -- Resucitación -- Transporte estilo bombero -- Técnicas de salvamiento para casos de emergencia... | ||
| 650 |
_aMétodos de rescate. _913248 |
||
| 650 |
_aPrimero Auxilios. _913249 |
||
| 650 |
_aRespiración artificial. _913250 |
||
| 650 |
_aTécnicas de salvamiento. _913251 |
||
| 700 |
_aRussell, Charles w. _913252 |
||
| 700 |
_aPump, Mathew _913253 |
||
| 942 |
_2ddc _cLIBROS |
||
| 945 |
_awfj _d2019-03-08 |
||